000 00303nam a22001337a 4500
008 170405b xxu||||| |||| 00| 0 eng d
020 _a9780321823274
041 _aeng
080 _26TH
_a 574
100 _a9
101 _aSHM
245 _aFOUNDATIONS OF EARTH SCIENCE
_cLUTGENS
942 _2udc
_cBK
999 _c9821
_d9821